<?xml version="1.0" encoding="UTF-8"?>
<record
    xmlns:xsi="http://www.w3.org/2001/XMLSchema-instance"
    xsi:schemaLocation="http://www.loc.gov/MARC21/slim http://www.loc.gov/standards/marcxml/schema/MARC21slim.xsd"
    xmlns="http://www.loc.gov/MARC21/slim">

  <leader>01008cam a2200265 a 4500</leader>
  <controlfield tag="001">154597</controlfield>
  <controlfield tag="005">20220326193321.0</controlfield>
  <controlfield tag="008">980209s1994    bh a          000 0 eng  </controlfield>
  <datafield tag="010" ind1=" " ind2=" ">
    <subfield code="a">   98113044 </subfield>
  </datafield>
  <datafield tag="020" ind1=" " ind2=" ">
    <subfield code="a">9686233148</subfield>
  </datafield>
  <datafield tag="040" ind1=" " ind2=" ">
    <subfield code="a">DLC</subfield>
    <subfield code="c">DLC</subfield>
    <subfield code="d">DLC</subfield>
  </datafield>
  <datafield tag="082" ind1="0" ind2="0">
    <subfield code="a">811.54</subfield>
    <subfield code="2">L 764m</subfield>
  </datafield>
  <datafield tag="100" ind1="1" ind2=" ">
    <subfield code="a">Lipman, Joel; Musa, Yasser</subfield>
    <subfield code="d">1942-</subfield>
    <subfield code="9">2593</subfield>
  </datafield>
  <datafield tag="245" ind1="1" ind2="0">
    <subfield code="a">Machete chemistry ;</subfield>
    <subfield code="b">&amp;, Panades physics : assembled writings /</subfield>
    <subfield code="c">by Joel Lipman &amp; Yasser Musa.</subfield>
  </datafield>
  <datafield tag="246" ind1="3" ind2=" ">
    <subfield code="a">Machete chemistry and Panades physics</subfield>
  </datafield>
  <datafield tag="246" ind1="3" ind2=" ">
    <subfield code="a">Machete chemistry ; &amp;, and Panades physics</subfield>
  </datafield>
  <datafield tag="250" ind1=" " ind2=" ">
    <subfield code="a">1st ed.</subfield>
  </datafield>
  <datafield tag="260" ind1=" " ind2=" ">
    <subfield code="a">Benque Viejo de Carmen, Belize :</subfield>
    <subfield code="b">Cubola New Art Foundation,</subfield>
    <subfield code="c">c1994.</subfield>
  </datafield>
  <datafield tag="300" ind1=" " ind2=" ">
    <subfield code="a"> 26 p. :</subfield>
    <subfield code="b">ill. ;</subfield>
    <subfield code="c">31 cm.</subfield>
  </datafield>
  <datafield tag="650" ind1=" " ind2=" ">
    <subfield code="x">Literatura</subfield>
    <subfield code="x">Poesia</subfield>
    <subfield code="z">Belice</subfield>
    <subfield code="9">2594</subfield>
  </datafield>
  <datafield tag="700" ind1="1" ind2="2">
    <subfield code="a">Musa, Yasser.</subfield>
    <subfield code="t">Panades physics.</subfield>
    <subfield code="9">2595</subfield>
  </datafield>
  <datafield tag="740" ind1="0" ind2="2">
    <subfield code="a">Panades physics.</subfield>
  </datafield>
  <datafield tag="906" ind1=" " ind2=" ">
    <subfield code="a">7</subfield>
    <subfield code="b">cbc</subfield>
    <subfield code="c">orignew</subfield>
    <subfield code="d">3</subfield>
    <subfield code="e">ncip</subfield>
    <subfield code="f">19</subfield>
    <subfield code="g">y-gencatlg</subfield>
  </datafield>
  <datafield tag="999" ind1=" " ind2=" ">
    <subfield code="c">574</subfield>
    <subfield code="d">574</subfield>
  </datafield>
  <datafield tag="952" ind1=" " ind2=" ">
    <subfield code="0">0</subfield>
    <subfield code="1">0</subfield>
    <subfield code="2">ddc</subfield>
    <subfield code="4">0</subfield>
    <subfield code="7">0</subfield>
    <subfield code="a">LV</subfield>
    <subfield code="b">LV</subfield>
    <subfield code="c">Literatura</subfield>
    <subfield code="d">2015-05-08</subfield>
    <subfield code="l">0</subfield>
    <subfield code="o">811.54 L 764m</subfield>
    <subfield code="p">000310</subfield>
    <subfield code="r">2015-05-08 00:00:00</subfield>
    <subfield code="w">2015-05-08</subfield>
    <subfield code="y">01</subfield>
  </datafield>
</record>
